Amancio Williams

Guardat en:
Dades bibliogràfiques
Autor principal: Williams, Claudio (Autor)
Format: Llibre
Idioma:espanyol
Publicat: Buenos Aires Gaglianone Establecimiento Gráfico 1990
Matèries:
Etiquetes: Afegir etiqueta
Sense etiquetes, Sigues el primer a etiquetar aquest registre!

MARC

LEADER 00000nam a2200000 a 4500
001 UCR3006
003 CL-VaPUC
008 980123e19900000AG |||||||||||||||||spa|d
082 0 4 |a 720.92  |b WIL  |2 21 
100 0 |a Williams, Claudio  |e author  |9 401675 
245 1 0 |a Amancio Williams 
300 |a 229 p 
942 |c BK 
945 |d 19980123 00:00:00  |a jquezada 
260 |a Buenos Aires  |b Gaglianone Establecimiento Gráfico  |c 1990 
650 0 |a Arquitectura argentina   |9 371610 
650 0 |a Arquitectura moderna  |9 265021 
650 0 |a Arquitectura urbana   |9 331978 
650 0 |a Diseño arquitectónico   |9 265271 
650 0 |a Biografías  |9 255210 
583 |a last modification  |c 20150114 09:42:55  |k Rodrigo Vera 
999 |c 266122  |d 266120 
952 |0 0  |1 0  |4 0  |6 720_920000000000000_WIL_1990  |7 0  |8 A  |9 297456  |a BIBARQ  |b BIBARQ  |d 2019-11-20  |i 3385876  |o 720.92 WIL 1990  |p 3385876  |r 2025-01-20  |w 2019-11-20  |y BK  |k ARQ